| 000 | 00620nam a22001937a 4500 | ||
|---|---|---|---|
| 005 | 20140728114758.0 | ||
| 010 | _aENG-110013 | ||
| 020 |
_c450.00 _a9788120349315 |
||
| 035 | _aEN-93546 | ||
| 037 | _bDBAD/PUB | ||
| 082 | _a621.815 | ||
| 100 | _aSiraj Ahmed | ||
| 245 | 0 | 0 |
_aMechanical engineering design : _cby Siraj Ahmed _bprinciples and concepts / |
| 260 |
_aDelhi _bPHI Learning _c2014 |
||
| 270 |
_aRimjhim House, 111, Patparganj Indl. Estate _bDelhi _e110020 |
||
| 300 |
_axxiv,564p. _c24cm(pbk) |
||
| 500 | _aIncludes bibliographical references and index | ||
| 942 |
_2ddc _cEN _mSIR _h621.815 |
||
| 999 |
_c84269 _d84269 |
||